[Event "Asia-ch Blitz U20"]
[Site "Jamshedpur"]
[Date "2023.09.15"]
[Round "4"]
[White "Siddhant, Nath Jha"]
[Black "Gaikwad, Manas"]
[Result "0-1"]
[WhiteElo "1443"]
[BlackElo "1787"]
[PlyCount "68"]
[EventDate "2023.09.15"]
[EventType "swiss (blitz)"]
[EventRounds "9"]
[EventCountry "IND"]
[SourceTitle "EXT 2024"]
[Source "ChessBase"]
[SourceDate "2023.10.10"]
[SourceVersion "1"]
[SourceVersionDate "2023.10.10"]
[SourceQuality "1"]

1. e4 c5 2. Nf3 d6 3. d4 cxd4 4. Nxd4 Nf6 5. Nc3 a6 6. f4 e5 7. Nf3 Nc6 8. Bd3 Be7 9. 0-0 0-0 10. Kh1 b5 11. a3 Bb7 12. Qe1 Kh8 13. f5 Rc8 14. g3 Nd4 15. Be3 Nxf3 16. Rxf3 d5 17. Bg5 Rxc3 18. Bxf6 dxe4 19. Bxe7 exf3 20. Bxd8 f2+ 21. Qe4 Bxe4+ 22. Bxe4 Re3 23. Ba5 Rxe4 24. Kg2 Re2 25. Rd1 Rxc2 26. Bc3 f6 27. g4 h6 28. h4 e4 29. Rd7 e3 30. Rd1 e2 31. Rb1 e1Q 32. Bxe1 fxe1Q+ 33. Kf3 Rf2+ 34. Kg3 Qe3# 0-1

[Event "Asia-ch U20"]
[Site "Jamshedpur"]
[Date "2023.09.14"]
[Round "8"]
[White "Gaikwad, Manas"]
[Black "Arun, Kataria"]
[Result "1/2-1/2"]
[WhiteElo "1866"]
[BlackElo "2170"]
[PlyCount "103"]
[EventDate "2023.09.09"]
[EventType "swiss"]
[EventRounds "9"]
[EventCountry "IND"]
[SourceTitle "EXT 2024"]
[Source "ChessBase"]
[SourceDate "2023.10.10"]
[SourceVersion "1"]
[SourceVersionDate "2023.10.10"]
[SourceQuality "1"]

1. e4 c5 2. Nf3 d6 3. d4 cxd4 4. Nxd4 Nf6 5. Nc3 a6 6. Bg5 e6 7. f4 Qb6 8. Nb3 Nbd7 9. Qf3 Qc7 10. 0-0-0 b5 11. a3 Bb7 12. Bd3 Be7 13. Kb1 0-0-0 14. Rhe1 h6 15. Bxf6 Bxf6 16. Bxb5 Kb8 17. Bf1 Rc8 18. Rd2 Nb6 19. Nd4 Rhd8 20. Red1 Nd7 21. Nb3 Nb6 22. Nd4 Nd7 23. Nb3 Nf8 24. Na2 a5 25. a4 Nd7 26. Nc3 Bxc3 27. Qxc3 Qxc3 28. bxc3 Nf6 29. Rxd6 Rxd6 30. Rxd6 Nxe4 31. Rd7 Nxc3+ 32. Kc1 Rc7 33. Rxc7 Kxc7 34. Nxa5 Bd5 35. Nc4 Nxa4 36. Ne3 Bc6 37. Kd2 Kd6 38. Nc4+ Kc5 39. Ne5 Be8 40. c3 Nb6 41. g3 f6 42. Nd3+ Kd6 43. Nf2 Bc6 44. Bd3 f5 45. Nd1 Kc5 46. Ne3 g6 47. Nc2 Nd7 48. Nd4 Bd5 49. Ke3 e5 50. fxe5 Nxe5 51. Bxf5 gxf5 52. Nxf5 1/2-1/2

[Event "Asia-ch U20"]
[Site "Jamshedpur"]
[Date "2023.09.12"]
[Round "6"]
[White "Bizhigitov, Zhangir"]
[Black "Gaikwad, Manas"]
[Result "1-0"]
[WhiteElo "2233"]
[BlackElo "1866"]
[PlyCount "67"]
[EventDate "2023.09.09"]
[EventType "swiss"]
[EventRounds "9"]
[EventCountry "IND"]
[SourceTitle "EXT 2024"]
[Source "ChessBase"]
[SourceDate "2023.10.10"]
[SourceVersion "1"]
[SourceVersionDate "2023.10.10"]
[SourceQuality "1"]

1. e4 c5 2. Nf3 d6 3. d4 cxd4 4. Qxd4 Nc6 5. Qe3 Nf6 6. Be2 e6 7. 0-0 Be7 8. h3 0-0 9. Rd1 Qc7 10. c4 a6 11. Nc3 b6 12. b3 Bb7 13. Ba3 Rac8 14. Rac1 Rfe8 15. Rc2 Nb8 16. Rcd2 d5 17. Bxe7 Rxe7 18. e5 Ne4 19. Nxe4 dxe4 20. Ng5 Qxe5 21. Rd8+ Re8 22. Rxe8+ Rxe8 23. Qxb6 Qxg5 24. Qxb7 e3 25. f4 Qa5 26. b4 Qxa2 27. Qe7 Rf8 28. Rd8 h6 29. Qxf8+ Kh7 30. Bd3+ f5 31. Qg8+ Kg6 32. Qxe6+ Kh5 33. Qxf5+ Kh4 34. Qg4# 1-0

[Event "Asia-ch U20"]
[Site "Jamshedpur"]
[Date "2023.09.09"]
[Round "1"]
[White "Gaikwad, Manas"]
[Black "Harshavardhan, GB."]
[Result "0-1"]
[WhiteElo "1866"]
[BlackElo "2397"]
[PlyCount "148"]
[EventDate "2023.09.09"]
[EventType "swiss"]
[EventRounds "9"]
[EventCountry "IND"]
[SourceTitle "EXT 2024"]
[Source "ChessBase"]
[SourceDate "2023.10.10"]
[SourceVersion "1"]
[SourceVersionDate "2023.10.10"]
[SourceQuality "1"]

1. e4 c5 2. Nf3 d6 3. d4 cxd4 4. Nxd4 Nf6 5. Nc3 Nc6 6. Bg5 e6 7. Qd2 a6 8. 0-0-0 Bd7 9. f4 b5 10. a3 Qc7 11. Bxb5 axb5 12. Ndxb5 Qb8 13. e5 Na5 14. Nxd6+ Bxd6 15. Qxd6 Qxd6 16. Rxd6 Nd5 17. Nxd5 exd5 18. Rxd5 Be6 19. Rc5 0-0 20. Rd1 Rfb8 21. Rd4 f6 22. exf6 Rc8 23. Rxc8+ Rxc8 24. Rd8+ Rxd8 25. f7+ Kxf7 26. Bxd8 Nc4 27. a4 Ne3 28. g3 Nf1 29. b4 Ke8 30. Bb6 Nxh2 31. Bg1 Nf3 32. Bf2 g5 33. fxg5 Nxg5 34. Kb2 Ne4 35. Be1 Kd7 36. c3 h5 37. Kc2 Bc4 38. b5 Nc5 39. Kd2 Nd3 40. b6 Kc6 41. a5 Ba6 42. Kd1 Nb2+ 43. Kd2 Nc4+ 44. Ke2 Nxa5+ 45. Kf3 Bc8 46. Bf2 Nc4 47. Bd4 Nxb6 48. Be5 Kd5 49. Bf4 Kc4 50. Kf2 Nd5 51. Be5 Bg4 52. Bd6 Kd3 53. Be5 Nxc3 54. Bf4 Ne4+ 55. Kg2 Ke2 56. Bc7 Nd2 57. Bb8 Nf1 58. Ba7 Ne3+ 59. Kh2 Kf3 60. Bb8 Nf1+ 61. Kg1 Nxg3 62. Kh2 Ne2 63. Bc7 Bc8 64. Bb8 Kg4 65. Bc7 h4 66. Bd8 h3 67. Bb6 Bb7 68. Ba7 Nf4 69. Bb6 Ng6 70. Bd4 Nh4 71. Ba7 Nf3+ 72. Kh1 Ba6 73. Bb8 Bf1 74. Bg3 Bg2# 0-1

[Event "Bhubaneswar op-A 14th"]
[Site "Bhubaneswar"]
[Date "2023.06.12"]
[Round "2"]
[White "Gaikwad, Manas"]
[Black "Rangeet, Majumdar"]
[Result "1-0"]
[WhiteElo "1811"]
[BlackElo "1610"]
[PlyCount "103"]
[EventDate "2023.06.11"]
[EventType "swiss"]
[EventRounds "10"]
[EventCountry "IND"]
[SourceTitle "EXT 2024"]
[Source "ChessBase"]
[SourceDate "2023.10.10"]
[SourceVersion "1"]
[SourceVersionDate "2023.10.10"]
[SourceQuality "1"]

1. e4 e5 2. Nf3 Nc6 3. Bc4 Nf6 4. d3 Be7 5. c3 d6 6. Nbd2 h6 7. 0-0 0-0 8. Re1 Nh7 9. Nf1 Kh8 10. Ng3 f5 11. exf5 Bxf5 12. Nxf5 Rxf5 13. Bd5 Rf8 14. Qa4 Ng5 15. Bxg5 Bxg5 16. Bxc6 bxc6 17. Qxc6 Rb8 18. b3 Rb6 19. Qd5 c6 20. Qe4 Rf4 21. Qg6 c5 22. Qe6 Rxf3 23. gxf3 Bf4 24. Qh3 Bd2 25. Re4 Bxc3 26. Rd1 Bd2 27. Rg4 Bf4 28. Kh1 d5 29. Qh5 g5 30. h4 Kg7 31. Rdg1 Rg6 32. R4g2 Qf6 33. Qg4 Qe6 34. Qxe6 Rxe6 35. Rb1 a5 36. Rb2 Kf6 37. Rc2 Rc6 38. hxg5+ hxg5 39. Rg1 Kf5 40. Kg2 Rc7 41. Rh1 e4 42. fxe4+ dxe4 43. dxe4+ Kxe4 44. Rh6 Kd3 45. Rc4 Be5 46. Rg6 Bf4 47. Ra6 Rh7 48. Rxa5 Ke2 49. Raxc5 Rh2+ 50. Kg1 Rxf2 51. Rc2+ Bd2 52. Rxd2+ 1-0

[Event "IND-ch U19"]
[Site "Pune"]
[Date "2022.07.13"]
[Round "3"]
[White "Gaikwad, Manas"]
[Black "Manish, Anto Cristiano F"]
[Result "1/2-1/2"]
[WhiteElo "1708"]
[BlackElo "2185"]
[PlyCount "107"]
[EventDate "2022.07.12"]
[EventType "swiss"]
[EventRounds "11"]
[EventCountry "IND"]
[SourceTitle "EXT 2023"]
[Source "ChessBase"]
[SourceDate "2022.10.05"]
[SourceVersion "1"]
[SourceVersionDate "2022.10.05"]
[SourceQuality "1"]

1. e4 c5 2. Nf3 d6 3. d4 cxd4 4. Nxd4 Nf6 5. Nc3 Nc6 6. Bb5 Bd7 7. 0-0 g6 8. Nd5 Bg7 9. Nxf6+ Bxf6 10. c3 0-0 11. Nxc6 Bxc6 12. Bxc6 bxc6 13. Bf4 Rb8 14. Qe2 Qb6 15. e5 dxe5 16. Bh6 Rfd8 17. b3 Qa5 18. c4 Rd4 19. Be3 Rd6 20. Rad1 Rbd8 21. h3 h5 22. a4 a6 23. Rxd6 Rxd6 24. Rd1 e4 25. c5 Rxd1+ 26. Qxd1 Qc3 27. Qd7 Qe1+ 28. Kh2 h4 29. Bd4 Bxd4 30. Qxd4 f5 31. Qc4+ Kf8 32. Qd4 Kg8 33. Qc4+ Kg7 34. Qd4+ Kf7 35. Qc4+ Kg7 36. Qd4+ Kh7 37. b4 e5 38. Qb2 e3 39. fxe3 Qxe3 40. b5 axb5 41. axb5 Qg3+ 42. Kg1 Qe1+ 43. Kh2 e4 44. bxc6 e3 45. Qe5 e2 46. Qe7+ Kh6 47. Qe3+ Kh5 48. Qf3+ Kg5 49. Qe3+ Kf6 50. Qd4+ Kg5 51. Qe3+ f4 52. Qe5+ Kh6 53. Qh8+ Kg5 54. Qe5+ 1/2-1/2